Śmieszne słowa po czesku. - Statystyki

Ogólne statystyki
  • Ten quiz został rozwiązany 644 razy
  • Średni wynik to 2 z 15
Statystyki odpowiedzi
Hint Odpowiedź % Poprawnych
Nápad Pomysł
73%
Divadlo Teatr
44%
Ptakopysk Dziobak
19%
Chřipka Grypa
15%
Rypadlo Koparka
14%
Osuška Ręcznik
12%
Tečka Kropka
10%
Rajské jablko Pomidor
10%
Hroch Hipopotam
9%
Balvan Głaz
3%
Mládenec Kawaler
3%
Deska Płyta
3%
Ubikace Barak
1%
Odbyt Zbyt
1%
Všekaz Termit
0%
Nie znaleziono quizów pasujących do podanych kryteriów
Rozkład punktacji
Procent ludzi z każdym wynikiem
Percentyl według liczby udzielonych odpowiedzi
Twoja historia wyników
Nie rozwiązałeś tego quizu